Normal view
MARC view
Entry Personal Name
001 - CONTROL NUMBER
- control field: 23451
003 - CONTROL NUMBER IDENTIFIER
- control field: OSt
005 - DATE AND TIME OF LATEST TRANSACTION
- control field: 20211105134747.0
008 - FIXED-LENGTH DATA ELEMENTS
- fixed length control field: 211105|| aca||aabn | a|a d
040 ## - CATALOGING SOURCE
- Original cataloging agency: OSt
- Transcribing agency: OSt
100 ## - HEADING--PERSONAL NAME
- Personal name: Meistas, E. G ., ed
670 ## - SOURCE DATA FOUND
- Source citation: Work cat.: (OSt): European Workshop on White Dwarfs 11 Tromso, Norway 1998 June 29- July 3 23450, White dwarfs, 1999